| 000 | 00615nam a2200181 4500 | ||
|---|---|---|---|
| 003 | LK-CoMWRAF | ||
| 005 | 20231217171806.0 | ||
| 008 | 231217b |||||||| |||| 00| 0 eng d | ||
| 020 | _a9558080004 | ||
| 040 |
_aLK-CoMWRAF _dLK-CoMWRAF _eLK-CoMWRAF |
||
| 041 | _asin | ||
| 082 |
_a320.45 _bSIN |
||
| 245 |
_aසිංහල කොමිෂන් සභාවේ වාර්තාව : _bප්රථම භාගය |
||
| 246 | _aSinhala komishan sabhawe : Prathama bhagaya | ||
| 260 |
_aකොළඹ _bජාතික ඒකාබද්ධ කමිටුව, _c1998 |
||
| 300 | _aපි. 426 | ||
| 942 | _cBK | ||
| 999 |
_c4498 _d4498 |
||